| Tag |
First Indicator |
Second Indicator |
Subfields |
| LEADER |
00000cam a2200000 a 4500 |
| 001 |
in00000073435 |
| 005 |
20151008053500.0 |
| 008 |
780823s1978 maua b 10110 eng d |
| 035 |
|
|
|a (OCoLC)04162866
|
| 035 |
|
|
|9 AAH7571AM
|
| 040 |
|
|
|a SEA
|c SEA
|d m.c.
|d TXA
|d UtOrBLW
|
| 049 |
|
|
|a TXAM
|c [1501228]
|
| 090 |
|
|
|a QC921.5
|b .C6 1978
|
| 111 |
2 |
|
|a Conference on Cloud Physics and Atmospheric Electricity
|d (1978 :
|c Issaquah, Wash.)
|
| 245 |
1 |
0 |
|a Conference on Cloud Physics and Atmospheric Electricity of the American Meteorological Society, July 31-August 4, 1978 Issaquah, Washington :
|b [preprints].
|
| 264 |
|
1 |
|a Boston, Mass. :
|b The Society,
|c [1978]
|
| 264 |
|
4 |
|c ©1978
|
| 300 |
|
|
|a xiv, 660 pages :
|b illustrations ;
|c 28 cm.
|
| 336 |
|
|
|a text
|b txt
|2 rdacontent
|
| 337 |
|
|
|a unmediated
|b n
|2 rdamedia
|
| 338 |
|
|
|a volume
|b nc
|2 rdacarrier
|
| 504 |
|
|
|a Includes bibliographies and index.
|
| 650 |
|
0 |
|a Cloud physics
|v Congresses.
|
| 650 |
|
0 |
|a Atmospheric electricity
|x Congresses.
|
| 710 |
2 |
|
|a American Meteorological Society.
|
| 999 |
|
|
|a MARS
|
| 999 |
f |
f |
|s 611bb83b-edf0-32ce-a84a-7ee8af561303
|i 4ba9d04f-f179-360a-914e-3429685c31b8
|t 0
|
| 952 |
f |
f |
|p ric
|a Texas A&M University
|b Rellis Campus
|c Joint Library Facility
|d Remote Storage
|t 0
|e QC921.5 .C6 1978
|h Library of Congress classification
|i unmediated -- volume
|m A14806210058
|
| 998 |
f |
f |
|a QC921.5 .C6 1978
|t 0
|l Remote Storage
|